00335pab a2200133 454500008004000000100001700040245006400057260000900121300001300130362001100143650002000154650001200174773001500186180718b2006 xxu||||| |||| 00| 0 eng d aBiswas, A.K. aParadox of anti-partition or Swadeshi movement in 1905-1911 c2006 ap.28-30. a18 Feb aIndia - History aHistory aMainstream